000 00499nam a2200181Ia 4500
001 18949
003 GE_BSU
008 181216s||||||||xx |||||||||||||| ||und||
040 _cGE_BSU
245 _aКлиническая медицина. Том 94. №1, 2016.
245 _cГл. ред. В.Б.Симоненко.
260 _aМосква
260 _bмедицина
260 _c2016
300 _a80стр,ил,29см
653 _aКлиническая медицина
942 _cCR
999 _c51948
_d51948